| 000 | 02876cam a2200373 i 4500 | ||
|---|---|---|---|
| 999 |
_c12286 _d12286 |
||
| 003 | OSt | ||
| 005 | 20240117102308.0 | ||
| 008 | 171213r20181798nyua b 000 0 eng | ||
| 020 | _a9781616896980 (hardback) | ||
| 041 | 1 |
_aeng _afre _hfre |
|
| 043 | _ae------ | ||
| 082 | 0 | 0 |
_a720.94 _223 _bPER |
| 100 | 1 |
_aPercier, Charles, _d1764-1838, _eauthor. |
|
| 240 | 1 | 0 | _aWorks |
| 245 | 1 | 4 |
_aThe complete works of Percier and Fontaine / _cwith an introduction by Barry Bergdoll ; translations by Yolanda Stern Broad, PhD. |
| 250 | _aFirst edition. | ||
| 300 |
_a441 pages : _billustrations ; _c32 cm |
||
| 504 | _aIncludes bibliographical references. | ||
| 505 | 0 | _aPalais, maisons, et autres édifices modernes dessinés à Rome (1798) -- Recueil de décorations intérierures (1812) -- Choix des plus célèbres maisons de plaisance de Rome et de ses environs (1824) -- Plans de plusieurs châteaux, palais et résidences de souverains de France, d'Italie, d'Espagne et de Russie, dessinés sur une même échelle pour être comparés A.P.P.P.L.P.D.R.D.R. (1838). | |
| 520 | _a"Charles Percier and Pierre Fontaine were the official government architects of Napoleon, as well as two of the most celebrated teachers at the legendary Ecole des Beaux-Arts, and were responsible for developing the highly influential neoclassical Empire, or Directoire, style of design. Their designs and renovations can be seen throughout the monuments and structures of Napoleonic France, including extensive renovations to the Louvre and Tuileries palaces, construction of the Arc de Triomphe de Carrousel, as well as their true masterpiece, the Empress Josephine's Chateau de Malmaison, where they designed every interior detail, helping invent and shape the modern field of interior design. This will be the definitive edition on the work of Percier and Fontaine, bringing together their four most influential volumes on architecture and interior design, comprising detailed studies of the most important classical and neoclassical architecture across Europe, as well as their own designs, and featuring an introduction by esteemed architecture critic and historian Barry Bergdoll"-- | ||
| 546 | _aEnglish and French. | ||
| 650 | 0 |
_aArchitecture _zEurope _xHistory _y19th century. |
|
| 650 | 0 |
_aInterior decoration _zEurope _xHistory _y19th century. |
|
| 650 | 0 |
_aNeoclassicism (Architecture) _zEurope. |
|
| 650 | 0 |
_aDecoration and ornament _zEurope _xNeoclassicism. |
|
| 650 | 7 |
_aARCHITECTURE / History / Renaissance. _2bisacsh |
|
| 650 | 7 |
_aARCHITECTURE / History / General. _2bisacsh |
|
| 650 | 7 |
_aARCHITECTURE / General. _2bisacsh |
|
| 700 | 1 |
_aFontaine, Pierre François Léonard, _d1762-1853, _eauthor. |
|
| 700 | 1 |
_aBergdoll, Barry, _ewriter of introduction. |
|
| 700 | 1 |
_aBroad, Yolanda Stern, _etranslator. |
|
| 710 | 2 | _aInstitute of Classical Architecture & Art. | |
| 942 | _2ddc | ||